000
00251nam a22001217a 4500
003
SGT
082
_a
823
_b
HAR
100
_a
HARRISON SARAH
245
_a
THE NIGHTINGALES NEST
260
_a
LONDON
_b
HODDER
_c
2006
300
_a
454
942
_2
ddc
_c
BK
999
_c
33471
_d
33471